00706nam a22001697a 4500008004100000040005500041080002300096245010900119260003800228300001500266650002800281653002600309700002400335942001200359999001700371952014800388230329b |||||||| |||| 00| 0 eng d aNational Science LibrarycNational Science Library aD 77.02(082.2)bK2 aScientific photography c/Pergamon Press, Proceedings of the international colloquium held at liege 1959 aOxford: bPergamon Press, c1962  aix, 617p.  aScientific photography  aElectronic processes  aSauvenier, H (Ed.)  2udccPR c16193d16193 00102udc406D_77020822_K270924021aNSLbNSLcGF/Rk-4/C-14/R-2d1967-11-16l0oD 77.02(082.2) K2p21467r2023-03-29 00:00:00w1967-11-16yPR